000 00426nam a2200157Ia 4500
008 230312s9999||||xx |||||||||||||| ||und||
020 _a0-7645-4829-8
082 _a005.86
_bEVJ-X
100 _aBill Evjen
245 0 _aXML Web Services for ASP.NET
260 _bWILEY
_anew york
_c2002
300 _a622
546 _aEng.
650 _aComputer
_v.Net foundation, technologies of .Net, XML web Services, UDDI.
942 _cBK
999 _c3024
_d3024